Los 12 municipios más poblados de la provincia de Córdoba. - Estadísticas

Estadísticas generales
  • Esta prueba ha sido intentada 277 veces
  • La puntuación promedio es 7 de 12
Estadísticas de respuestas
Municipio Población (2022) % Correcto
Córdoba 319.515
99%
Lucena 42.615
81%
Pozoblanco 17.102
72%
Montilla 22.490
70%
Puente Genil 30.045
70%
Cabra 20.097
64%
Priego de Córdoba 22.092
57%
Baena 18.764
52%
Palma del Río 20.810
49%
La Carlota 14.324
39%
Aguilar de la Frontera 13.318
32%
Peñarroya-Pueblonuevo 10.419
21%
No se encontraron pruebas coincidentes
Distribución de puntuación
Porcentaje de gente con cada puntuación
Porcentaje por número respondido
Historial de tus puntuaciones
No has intentado esta prueba.